| 000 | 00742nam a22002177a 4500 | ||
|---|---|---|---|
| 003 | 0 | ||
| 005 | 20251027144359.0 | ||
| 008 | 251027b xxu||||| |||| 00| 0 eng d | ||
| 020 | _a978-1-77469-488-6 | ||
| 050 |
_aTX 911.3.M3 _b.K33 2023 |
||
| 100 |
_aKabia, Sunil, _eauthor. |
||
| 245 |
_aExploration of emerging source markets in the hospitality sector / _cSunil Kabia. |
||
| 260 |
_aBurlington, ON : _bSociety Publishing, _c2023. |
||
| 300 |
_aviii, 302 pages : _bcolored illustrations ; _c24 cm. |
||
| 504 | _aIncludes bibliographical references and index. | ||
| 650 |
_aHospitality industry _xMarketing. |
||
| 650 |
_aTourism _xMarketing. |
||
| 650 |
_aMarket segmentation _xTourism. |
||
| 650 | _aEmerging markets. | ||
| 942 |
_2lcc _cBK |
||
| 999 |
_c368348 _d368348 |
||